Green Tree: Environmental Studies-2 (Record no. 5294)
[ view plain ]
| 000 -LEADER | |
|---|---|
| fixed length control field | 00240nam a22000857a 4500 |
| 008 - FIXED-LENGTH DATA ELEMENTS--GENERAL INFORMATION | |
| fixed length control field | 170112b xxu||||| |||| 00| 0 eng d |
| 100 ## - MAIN ENTRY--PERSONAL NAME | |
| 9 (RLIN) | 2348 |
| Personal name | Malik.S |
| 245 ## - TITLE STATEMENT | |
| Title | Green Tree: Environmental Studies-2 |
| 260 ## - PUBLICATION, DISTRIBUTION, ETC. (IMPRINT) | |
| Place of publication, distribution, etc. | New Delhi |
| Name of publisher, distributor, etc. | Orient Publication |
| Date of publication, distribution, etc. | 2007 |
| Withdrawn status | Lost status | Source of classification or shelving scheme | Damaged status | Koha normalized classification for sorting | Not for loan | Home library | Current library | Shelving location | Date acquired | Total Checkouts | Full call number | Barcode | Date last seen | Price effective from | Koha item type |
|---|---|---|---|---|---|---|---|---|---|---|---|---|---|---|---|
| Dewey Decimal Classification | 363_700000000000000 | Good Samaritan School Library | Good Samaritan School Library | ENVIRONMENT SCIENCE | 01/12/2017 | 363.7 | MAL4697 | 01/12/2017 | 01/12/2017 | BOOK |